000 00528nam a2200205Ia 4500
005 20241129110134.0
008 241129s9999||||xx |||||||||||||| ||und||
037 _aTB
040 _aARTS
_beng
_cARTS
041 _aeng
_2ara
084 _aP:795 28N3
_qARTS
100 _aJihad Kazim Au.
_9727361
245 0 _aAdunes munthalallan
_cJihad Kazim Au.
260 _c2008
300 _a231p.
365 _aINR
_b450
650 _aTranslating and Interpreting
942 _cTB
_hP:795 28N3
999 _c1227454
_d1227454